Career in hospatility, travel and tourism industry/ (Record no. 56198)

MARC details
000 -LEADER
fixed length control field 01031 a2200241 4500
005 - DATE AND TIME OF LATEST TRANSACTION
control field 2011090202092.0
008 - FIXED-LENGTH DATA ELEMENTS--GENERAL INFORMATION
fixed length control field 090302t xxu||||| |||| 00| 0 eng d
010 ## - LCCN (DPL NO)
LC control number G-001274
020 ## - INTERNATIONAL STANDARD BOOK NUMBER
International Standard Book Number 9788190575065
Terms of availability 695.00
035 ## - SYSTEM CONTROL NUMBER
System control number G-001274
037 ## - SOURCE OF ACQUISITION
Source of stock number/acquisition Better Books/
082 ## - DEWEY DECIMAL CLASSIFICATION NUMBER
Classification number 647.9402354
100 ## - MAIN ENTRY--PERSONAL NAME
Personal name Chaudhary, J.K.
9 (RLIN) 34130
245 ## - TITLE STATEMENT
Title Career in hospatility, travel and tourism industry/
Statement of responsibility, etc by J.K. Chaudhary
260 ## - PUBLICATION, DISTRIBUTION, ETC. (IMPRINT)
Place of publication, distribution, etc Panchkula
Name of publisher, distributor, etc Better Books
Date of publication, distribution, etc 2009
270 ## - ADDRESS
Address 1471, Sector-15
City Kerala
State or province Panchkula
Postal code 134113
Fax number 0172-2707562
300 ## - PHYSICAL DESCRIPTION
Extent 293 p.:
Dimensions 23cm ( Hb)
650 ## - SUBJECT ADDED ENTRY--TOPICAL TERM
Topical term or geographic name as entry element Tourism--Vocational guidance
9 (RLIN) 34131
650 ## - SUBJECT ADDED ENTRY--TOPICAL TERM
Topical term or geographic name as entry element Hospitality industry--Vocational guidance
9 (RLIN) 34132
942 ## - ADDED ENTRY ELEMENTS (KOHA)
Institution code [OBSOLETE] dpl
Item type English Books
Source of classification or shelving scheme Dewey Decimal Classification
Classification part 647.9402354
Call number suffix CHA
Holdings
Withdrawn status Lost status Source of classification or shelving scheme Damaged status Not for loan Collection code Home library Current library Date acquired Source of acquisition Cost, normal purchase price Total Checkouts Full call number Barcode Date last seen Copy number Cost, replacement price Koha item type
    Dewey Decimal Classification     Non-fiction Janak Puri Janak Puri 02/09/2011 bppd/gift 695.00 7 647.9402354 CHA G-001274 02/03/2022 1 695.00 English Books

© Delhi Public Library
Hit Counter
free hit counter